|
|
|
|
| LEADER |
01367nam a2200289 a 4500 |
| 001 |
4471196 |
| 008 |
090603s1997 caua b 001 0 eng d |
| 010 |
|
|
|a \\\96025363
|
| 020 |
|
|
|a 076190560X (cloth : acid-free paper)
|
| 020 |
|
|
|a 0761905618 (pbk. : acid-free paper)
|
| 040 |
|
|
|a DLC
|c DLC
|d DLC
|
| 082 |
0 |
0 |
|a 658.3/124
|2 20
|
| 245 |
0 |
0 |
|a Human resource development review :
|b research and implications /
|c [compiled by] Darlene Russ-Eft, Hallie Preskill, Catherine Sleezer.
|
| 260 |
|
|
|a Thousand Oaks, Calif. :
|b Sage Publications,
|c c1997.
|
| 300 |
|
|
|a xviii, 426 p. :
|b ill. ;
|c 24 cm.
|
| 500 |
|
|
|a A collection of previously published journal articles and book chapters, with introductory section chapters and a conclusion by the compilers.
|
| 504 |
|
|
|a Includes bibliographical references and indexes.
|
| 541 |
1 |
|
|e 00011685
|
| 650 |
|
0 |
|a Organizational learning
|x Research
|z United States.
|
| 650 |
|
0 |
|a Organizational effectiveness
|x Research
|z United States.
|
| 650 |
|
0 |
|a Manpower policy
|x Research
|z United States.
|
| 700 |
2 |
|
|a Russ-Eft, Darlene F.
|
| 700 |
1 |
|
|a Preskill, Hallie S.
|
| 700 |
1 |
|
|a Sleezer, Catherine.
|
| 852 |
4 |
|
|a Ayesha Abed Library
|j General shelf
|
| 999 |
|
|
|c 7899
|d 7899
|
| 952 |
|
|
|0 0
|1 0
|2 ddc
|4 0
|6 658_312400000000000_HUM_1997
|7 0
|9 8841
|a BRACUL
|b BRACUL
|c GEN
|d 2010-03-29
|l 2
|m 6
|o 658.3124 HUM
|p 3010011685
|r 2019-03-05
|s 2019-02-14
|t 1
|w 2010-03-29
|y BK
|